000 01189cam a2200301 a 4500
999 _c7137
_d7137
001 12519231
003 OSt
005 20210906141026.0
008 010829s2001 enka b 001 0 eng
010 _a 2001276234
020 _a034076192X
040 _aDLC
_cDDC
_dDLC
050 0 0 _aP118.2
_b.C67 2001
082 0 0 _a400COO2001
100 1 _aCook, Vivian,
_d1940-
_914697
245 1 0 _aSecond language learning and language teaching /
_cEdited by Cook,Vivian
250 _a3rd ed.
260 _aLondon :
_bArnold ;
_aNew York :
_bOxford University Press,
_c2001.
300 _avii,262p. :
_bill. ;
_c24 cm.
504 _aIncludes; bibliographical references (p. [235]-248) and index.
650 0 _aLanguage Teaching
_914698
856 4 2 _3Book review (Education Review)
_uhttp://edrev.asu.edu/reviews/rev147.htm
856 4 2 _3Publisher description
_uhttp://www.loc.gov/catdir/enhancements/fy0611/2001276234-d.html
856 4 2 _3Contributor biographical information
_uhttp://www.loc.gov/catdir/enhancements/fy1302/2001276234-b.html
906 _a7
_bcbc
_corigcop
_d2
_encip
_f20
_gy-gencatlg
942 _2ddc
_cO_SHELF